| 000 | 00311nam a2200109Ia 4500 | ||
|---|---|---|---|
| 008 | 210430s9999 xx 000 0 und d | ||
| 100 |
_aH K Versteeg _954326 |
||
| 245 | 3 |
_aAn Introduction to Computational Fluid Dynamics 2nd _cH K Versteeg |
|
| 260 |
_aIndia _bDorling _c2008 |
||
| 300 | _a517 p | ||
| 942 |
_cBK _2ddc |
||
| 999 |
_c564883 _d564883 |
||